فن صناعة الاكسسوارات من البوليمر : (رقم التسجيلة. 146524)

تفاصيل مارك
000 -LEADER
fixed length control field 00695nam a22001697a 4500
005 - DATE AND TIME OF LATEST TRANSACTION
control field 20251108175948.0
008 - FIXED-LENGTH DATA ELEMENTS--GENERAL INFORMATION
fixed length control field 250721s2014 xx 000 0 ara d
082 14 - DEWEY DECIMAL CLASSIFICATION NUMBER
Classification number 680/بيت
100 1# - MAIN ENTRY--PERSONAL NAME
Personal name بيترسن، ليندا
245 10 - TITLE STATEMENT
Title فن صناعة الاكسسوارات من البوليمر :
Remainder of title خمسة وثلاثون تصميما تفصيليا لاعداد الخرز من عجينة البوليم واستخدامه في تنفيذ تصميمات لاكسسوارات رائعة /
264 1# - PRODUCTION, PUBLICATION, DISTRIBUTION, MANUFACTURE, AND COPYRIGHT NOTICE
Place of production, publication, distribution, manufacture الجيزة :
Name of producer, publisher, distributor, manufacturer دار الفاروق،
Date of production, publication, distribution, manufacture, or copyright notice 2014.
300 ## - PHYSICAL DESCRIPTION
Extent 126ص.
650 17 - SUBJECT ADDED ENTRY--TOPICAL TERM
Topical term or geographic name as entry element الحرف اليدوية
650 17 - SUBJECT ADDED ENTRY--TOPICAL TERM
Topical term or geographic name as entry element الاكسسوارات
942 ## - ADDED ENTRY ELEMENTS (KOHA)
Source of classification or shelving scheme Dewey Decimal Classification
Koha item type كتب
المقتنيات
حالة السحب حالة الفقدان مصدر التصنيف حالة التلف غير قابل للإعارة المكتبة الرئيسية المكتبة الحالية موقع الرف تاريخ التزويد الرقم المتسلسل Total Checkouts رقم الإستدعاء الباركود تاريخ آخر ظهور تاريخ الفاتورة نوع المادة (كوها)
    Dewey Decimal Classification     المكتبة المركزية المكتبة المركزية الإعارة 28/07/2025 1787205   680/بيت PLD00510122 28/07/2025 28/07/2025 كتب
    Dewey Decimal Classification     مكتبة أم قصير والمقابلين العامة مكتبة أم قصير والمقابلين العامة الإعارة 22/05/2024 1787206   680/بيت PLD00510264 28/07/2025 22/05/2024 كتب
Implemented & Customized by: BBB with SCIT (Smart Chains for Information Technology)

Powered by Koha